000 01108nam a2200181Ia 4500
008 090630s9999 xx 000 0 und d
082 _b25674
100 _aसंपा. कुलकर्णी अ. रा. आणि खरे ग. ह.
245 _aमराठयांचा इतिहास खंड 3; मराठी सत्तेचा उत्तरार्ध (1761 - 1848).
_cसंपा. कुलकर्णी अ. रा. आणि खरे ग. ह.
260 _bकॉन्टीनेंटल.
_c2006
300 _a598
600 _aसंपा. कुलकर्णी अ. रा. आणि खरे ग. ह.
630 _aमराठयांचा इतिहास खंड 3; मराठी सत्तेचा उत्तरार्ध (1761 - 1848).
655 _aइतर.
700 _aसंपा. कुलकर्णी अ. रा. आणि खरे ग. ह.
730 _aमराठयांचा इतिहास खंड 3; मराठी सत्तेचा उत्तरार्ध (1761 - 1848).
942 _cBOOK
999 _c277530
_d277530